| 000 | 00768nam a2200253 i 4500 | ||
|---|---|---|---|
| 001 | bg | ||
| 100 | 1 |
_aGórecki, Krzysztof _c(nauki techniczne). |
|
| 245 | 1 | 0 |
_aLaboratorium z elementów półprzewodnikowych / _cKrzysztof Górecki, Witold J. Stepowicz, Janusz Zarębski. |
| 260 |
_aGdynia : _bWydaw. Akademii Morskiej, _c2003. |
||
| 300 |
_a67 s. : _brys., wykr. ; _c25 cm. |
||
| 504 | _aBibliogr. s. 67. | ||
| 650 | 9 | _aPółprzewodniki | |
| 655 | _aPodręczniki akademickie | ||
| 700 | 1 | _aSTEPOWICZ, Witold Jerzy | |
| 700 | 1 | _aZARĘBSKI, Janusz | |
| 015 | _aPB 8760/2004 | ||
| 020 | _a8387875694 | ||
| 040 | _cBPK | ||
| 041 | 0 | _apol | |
| 080 | _a621.382(075.8) | ||
| 920 | _a83-87875-69-4 | ||
| 942 | _cKS | ||
| 008 | s pl f |000 0 pol | ||
| 999 |
_c46701 _d46701 |
||
| 856 |
_uhttp://koha.tu.koszalin.pl/cgi-bin/koha/opac-detail.pl?biblionumber=46701 _yKatalog online BPK |
||